[Event "Blitz 2018"]
[Site "Saint-Petersburg"]
[Date "2018.12.29"]
[Round "1"]
[Board "3"]
[White "Aronian Levon (ARM)"]
[Black "Jumabayev Rinat (KAZ)"]
[Result "1-0"]
[BlackElo "2554"]
[WhiteElo "2858"]
[LiveChessVersion "1.4.8"]

1. e4 {[%clk 0:03:02]} e6 {[%clk 0:03:03]} 2. d4 {[%clk 0:03:03]} d5
{[%clk 0:03:04]} 3. Nc3 {[%clk 0:03:04]} Nf6 {[%clk 0:03:05]} 4. e5
{[%clk 0:03:05]} Nfd7 {[%clk 0:03:06]} 5. f4 {[%clk 0:03:06]} c5 {[%clk 0:03:07]}
6. Nf3 {[%clk 0:03:07]} Nc6 {[%clk 0:03:08]} 7. Be3 {[%clk 0:03:08]} a6
{[%clk 0:03:09]} 8. Ne2 {[%clk 0:03:01]} Qb6 {[%clk 0:02:43]} 9. Qc1
{[%clk 0:02:54]} Be7 {[%clk 0:02:31]} 10. c3 {[%clk 0:02:53]} O-O
{[%clk 0:02:22]} 11. g3 {[%clk 0:02:37]} Qc7 {[%clk 0:01:14]} 12. h4
{[%clk 0:02:30]} b5 {[%clk 0:00:54]} 13. Qc2 {[%clk 0:02:16]} f5 {[%clk 0:00:15]}
14. Ng5 {[%clk 0:01:58]} Nb6 {[%clk 0:00:06]} 15. dxc5 {[%clk 0:01:58]} Nc4
{[%clk 0:00:07]} 16. Bf2 {[%clk 0:01:59]} h6 {[%clk 0:00:05]} 17. b3
{[%clk 0:01:10]} Na3 {[%clk 0:00:06]} 18. Qb2 {[%clk 0:01:02]} b4
{[%clk 0:00:07]} 19. Nf3 {[%clk 0:01:04]} a5 {[%clk 0:00:07]} 20. Rc1
{[%clk 0:01:00]} Qa7 {[%clk 0:00:06]} 21. cxb4 axb4 {[%clk 0:00:05]} 22. Ned4
{[%clk 0:00:51]} Bd7 {[%clk 0:00:06]} 23. Nxc6 Bxc6 {[%clk 0:00:07]} 24. Nd4
{[%clk 0:00:50]} Qd7 {[%clk 0:00:07]} 25. Qd2 {[%clk 0:00:43]} Rab8
{[%clk 0:00:04]} 26. Ba6 {[%clk 0:00:34]} h5 {[%clk 0:00:03]} 27. O-O
{[%clk 0:00:34]} g6 {[%clk 0:00:04]} 28. Kh2 {[%clk 0:00:24]} Kf7
{[%clk 0:00:06]} 29. Be3 {[%clk 0:00:13]} Ra8 {[%clk 0:00:07]} 30. Bd3
{[%clk 0:00:11]} Rfb8 {[%clk 0:00:09]} 31. Qe2 {[%clk 0:00:12]} Kg7
{[%clk 0:00:07]} 32. Rg1 {[%clk 0:00:10]} Rh8 {[%clk 0:00:06]} 33. Bd2
{[%clk 0:00:09]} Rab8 {[%clk 0:00:07]} 34. Qe1 {[%clk 0:00:10]} Nb5
{[%clk 0:00:06]} 35. Bxb5 {[%clk 0:00:10]} Bxb5 {[%clk 0:00:07]} 36. Bxb4
{[%clk 0:00:11]} Bd3 {[%clk 0:00:07]} 37. c6 {[%clk 0:00:10]} Bxb4
{[%clk 0:00:03]} 38. cxd7 {[%clk 0:00:11]} Bxe1 {[%clk 0:00:04]} 39. Rgxe1
{[%clk 0:00:11]} 1-0

[Event "Blitz 2018"]
[Site "Saint-Petersburg"]
[Date "2018.12.29"]
[Round "1"]
[Board "4"]
[White "Kazhgaleyev Murtas (KAZ)"]
[Black "Nepomniachtchi Ian (RUS)"]
[Result "0-1"]
[BlackElo "2846"]
[WhiteElo "2553"]
[LiveChessVersion "1.4.8"]

1. d4 {[%clk 0:03:02]} g6 {[%clk 0:03:03]} 2. c4 {[%clk 0:03:02]} Bg7
{[%clk 0:03:04]} 3. e4 {[%clk 0:03:03]} d6 {[%clk 0:03:03]} 4. Nc3
{[%clk 0:03:04]} Nc6 {[%clk 0:02:58]} 5. Be3 {[%clk 0:03:02]} e5 {[%clk 0:02:58]}
6. Nge2 {[%clk 0:03:00]} f5 {[%clk 0:02:44]} 7. dxe5 {[%clk 0:02:53]} Nxe5
{[%clk 0:02:33]} 8. exf5 {[%clk 0:02:46]} Bxf5 {[%clk 0:02:33]} 9. Nd4
{[%clk 0:02:47]} Ne7 {[%clk 0:02:33]} 10. Be2 {[%clk 0:02:40]} O-O
{[%clk 0:02:22]} 11. O-O {[%clk 0:02:40]} Qd7 {[%clk 0:02:23]} 12. Nd5
{[%clk 0:02:22]} c6 {[%clk 0:02:05]} 13. Nxe7+ {[%clk 0:02:22]} Qxe7
{[%clk 0:02:06]} 14. Nxf5 {[%clk 0:02:20]} gxf5 {[%clk 0:01:59]} 15. Qd2
{[%clk 0:02:16]} Qf7 {[%clk 0:01:52]} 16. Bd4 {[%clk 0:01:44]} Rad8
{[%clk 0:01:38]} 17. Rac1 {[%clk 0:01:36]} f4 {[%clk 0:01:36]} 18. Bxe5
{[%clk 0:01:37]} Bxe5 {[%clk 0:00:56]} 19. Bf3 {[%clk 0:01:37]} Kh8
{[%clk 0:00:54]} 20. Rfe1 {[%clk 0:01:34]} Qf6 {[%clk 0:00:54]} 21. b4
{[%clk 0:01:29]} Rd7 {[%clk 0:00:48]} 22. b5 {[%clk 0:01:29]} c5 {[%clk 0:00:47]}
23. Qd3 {[%clk 0:01:18]} Rg7 {[%clk 0:00:45]} 24. Rc2 {[%clk 0:01:13]} Rfg8
{[%clk 0:00:39]} 25. Kf1 {[%clk 0:01:14]} Rg5 {[%clk 0:00:35]} 26. Bd5
{[%clk 0:00:57]} R8g7 {[%clk 0:00:35]} 27. Qh3 {[%clk 0:00:55]} Qd8
{[%clk 0:00:25]} 28. a4 {[%clk 0:00:51]} b6 {[%clk 0:00:23]} 29. Rce2
{[%clk 0:00:49]} R7g6 {[%clk 0:00:24]} 30. Rd1 {[%clk 0:00:48]} Kg7
{[%clk 0:00:25]} 31. Qd3 {[%clk 0:00:45]} Qf6 {[%clk 0:00:23]} 32. h3
{[%clk 0:00:44]} Kh8 {[%clk 0:00:22]} 33. Be4 {[%clk 0:00:43]} Rg7
{[%clk 0:00:23]} 34. Bf3 {[%clk 0:00:39]} Qe6 {[%clk 0:00:22]} 35. Qd5
{[%clk 0:00:39]} Qf6 {[%clk 0:00:17]} 36. Qa8+ {[%clk 0:00:37]} Rg8
{[%clk 0:00:17]} 37. Qxa7 {[%clk 0:00:34]} Qe6 {[%clk 0:00:18]} 38. Bd5
{[%clk 0:00:34]} Qxh3 {[%clk 0:00:20]} 39. Ke1 {[%clk 0:00:31]} Bc3+
{[%clk 0:00:21]} 40. Red2 {[%clk 0:00:31]} Re5+ {[%clk 0:00:22]} 0-1

[Event "Blitz 2018"]
[Site "Saint-Petersburg"]
[Date "2018.12.29"]
[Round "1"]
[Board "6"]
[White "Sakaev Konstantin (RUS)"]
[Black "Artemiev Vladislav (RUS)"]
[Result "0-1"]
[LiveChessVersion "1.4.8"]
[BlackElo "2825"]
[WhiteElo "2551"]

1. Nf3 {[%clk 0:03:02]} Nf6 {[%clk 0:02:58]} 2. c4 {[%clk 0:03:03]} g6
{[%clk 0:02:59]} 3. Nc3 {[%clk 0:03:03]} d5 {[%clk 0:03:00]} 4. cxd5
{[%clk 0:03:03]} Nxd5 {[%clk 0:03:00]} 5. h4 {[%clk 0:03:03]} Bg7
{[%clk 0:02:57]} 6. e4 {[%clk 0:02:59]} Nb6 {[%clk 0:02:58]} 7. d4
{[%clk 0:01:20]} Bg4 {[%clk 0:02:58]} 8. Be3 {[%clk 0:01:20]} O-O
{[%clk 0:02:58]} 9. Be2 {[%clk 0:01:14]} Nc6 {[%clk 0:02:56]} 10. d5
{[%clk 0:01:09]} Na5 {[%clk 0:02:50]} 11. Bd4 {[%clk 0:00:59]} Bxf3
{[%clk 0:02:26]} 12. Bxf3 {[%clk 0:00:52]} e5 {[%clk 0:01:31]} 13. Bc5
{[%clk 0:00:53]} Re8 {[%clk 0:01:32]} 14. h5 {[%clk 0:00:51]} Nac4
{[%clk 0:01:33]} 15. hxg6 {[%clk 0:00:50]} hxg6 {[%clk 0:01:33]} 16. Qe2
{[%clk 0:00:47]} Nd6 {[%clk 0:01:22]} 17. O-O-O {[%clk 0:00:41]} Nbc4
{[%clk 0:01:23]} 18. Kb1 {[%clk 0:00:33]} b6 {[%clk 0:01:24]} 19. Bxd6 Nxd6 20.
Qe3 {[%clk 0:00:34]} b5 {[%clk 0:00:57]} 21. Be2 {[%clk 0:00:34]} Rb8
{[%clk 0:00:55]} 22. Rc1 {[%clk 0:00:27]} a5 {[%clk 0:00:53]} 23. Bd3
{[%clk 0:00:28]} a4 {[%clk 0:00:46]} 24. Qe2 {[%clk 0:00:29]} Qd7
{[%clk 0:00:43]} 25. Nd1 {[%clk 0:00:29]} Rb6 {[%clk 0:00:24]} 26. Ne3
{[%clk 0:00:30]} c6 {[%clk 0:00:25]} 27. dxc6 {[%clk 0:00:26]} Rxc6
{[%clk 0:00:26]} 28. Rxc6 {[%clk 0:00:26]} Qxc6 {[%clk 0:00:27]} 29. Rc1
{[%clk 0:00:27]} Qb6 {[%clk 0:00:22]} 30. Nd5 {[%clk 0:00:28]} Qd4
{[%clk 0:00:24]} 31. Qe3 {[%clk 0:00:21]} a3 {[%clk 0:00:22]} 32. Qxd4
{[%clk 0:00:20]} exd4 {[%clk 0:00:23]} 33. bxa3 {[%clk 0:00:22]} Nxe4
{[%clk 0:00:23]} 34. Bxb5 {[%clk 0:00:13]} Re5 {[%clk 0:00:15]} 35. Bc6
{[%clk 0:00:11]} d3 {[%clk 0:00:11]} 36. Rd1 {[%clk 0:00:07]} Nxf2
{[%clk 0:00:12]} 37. Rd2 {[%clk 0:00:09]} Re1+ {[%clk 0:00:13]} 0-1

[Event "Blitz 2018"]
[Site "Saint-Petersburg"]
[Date "2018.12.29"]
[Round "1"]
[Board "8"]
[White "Demidov Mikhail (RUS)"]
[Black "Yu Yangyi (CHN)"]
[Result "0-1"]
[LiveChessVersion "1.4.8"]
[BlackElo "2804"]
[WhiteElo "2546"]

1. e4 {[%clk 0:03:03]} e5 {[%clk 0:03:03]} 2. Nf3 {[%clk 0:03:04]} Nf6
{[%clk 0:03:02]} 3. Nxe5 {[%clk 0:03:05]} d6 {[%clk 0:03:03]} 4. Nf3
{[%clk 0:03:06]} Nxe4 {[%clk 0:03:04]} 5. d3 {[%clk 0:03:07]} Nf6
{[%clk 0:03:04]} 6. d4 {[%clk 0:03:09]} Be7 {[%clk 0:02:53]} 7. Bd3
{[%clk 0:03:10]} O-O {[%clk 0:02:53]} 8. h3 {[%clk 0:03:11]} c5 {[%clk 0:02:26]}
9. O-O {[%clk 0:03:03]} Nc6 {[%clk 0:02:27]} 10. dxc5 {[%clk 0:03:01]} dxc5
{[%clk 0:02:28]} 11. Nc3 {[%clk 0:03:02]} Nb4 {[%clk 0:02:27]} 12. Re1
{[%clk 0:02:54]} Nxd3 {[%clk 0:02:26]} 13. Qxd3 {[%clk 0:02:55]} Qxd3
{[%clk 0:02:22]} 14. cxd3 {[%clk 0:02:56]} Re8 {[%clk 0:02:11]} 15. d4
{[%clk 0:02:57]} Bd7 {[%clk 0:02:02]} 16. dxc5 {[%clk 0:02:51]} Bxc5
{[%clk 0:02:03]} 17. Bg5 {[%clk 0:02:53]} Rxe1+ {[%clk 0:01:44]} 18. Rxe1
{[%clk 0:02:52]} Re8 19. Bxf6 Rxe1+ {[%clk 0:01:41]} 20. Nxe1 {[%clk 0:02:53]}
gxf6 {[%clk 0:01:42]} 21. Nd3 Bd4 {[%clk 0:01:37]} 22. Ne2 {[%clk 0:02:42]} Bb6
23. Nc3 Bc6 {[%clk 0:01:25]} 24. Nb4 {[%clk 0:02:37]} Bd7 {[%clk 0:01:19]} 25.
Nd3 {[%clk 0:02:38]} Be6 {[%clk 0:01:09]} 26. Nf4 {[%clk 0:02:35]} Bd4 27. Nfe2
{[%clk 0:02:35]} Be5 {[%clk 0:01:07]} 28. f4 {[%clk 0:02:34]} Bc7
{[%clk 0:00:59]} 29. Kf2 {[%clk 0:02:30]} a6 {[%clk 0:00:57]} 30. Ke3
{[%clk 0:02:16]} b5 {[%clk 0:00:57]} 31. a3 {[%clk 0:02:15]} Bb6+
{[%clk 0:00:51]} 32. Nd4 {[%clk 0:02:08]} f5 33. Nce2 Kg7 {[%clk 0:00:45]} 34.
Kd3 {[%clk 0:01:59]} Bc4+ {[%clk 0:00:44]} 35. Kc3 {[%clk 0:01:55]} Kg6
{[%clk 0:00:33]} 36. Ng3 {[%clk 0:01:29]} Be6 {[%clk 0:00:34]} 37. Kd3
{[%clk 0:01:09]} Bc7 {[%clk 0:00:30]} 38. Ke3 {[%clk 0:01:04]} Bb6
{[%clk 0:00:29]} 39. Kd3 {[%clk 0:01:05]} Bd7 {[%clk 0:00:25]} 40. Nf3
{[%clk 0:01:00]} Bc8 {[%clk 0:00:24]} 41. Nd4 {[%clk 0:00:42]} Bc7
{[%clk 0:00:22]} 42. Ke3 {[%clk 0:00:43]} Bb6 {[%clk 0:00:19]} 43. Kd3
{[%clk 0:00:44]} Bd8 {[%clk 0:00:19]} 44. Nf3 {[%clk 0:00:42]} Bc7
{[%clk 0:00:18]} 45. Ke3 {[%clk 0:00:43]} Bb6+ {[%clk 0:00:19]} 46. Kd3
{[%clk 0:00:41]} Bf2 {[%clk 0:00:15]} 47. Nh1 {[%clk 0:00:33]} Bb6
{[%clk 0:00:15]} 48. Ng3 {[%clk 0:00:34]} Bf2 {[%clk 0:00:16]} 49. Nh1
{[%clk 0:00:36]} Ba7 {[%clk 0:00:18]} 50. Ng3 {[%clk 0:00:36]} Bb8
{[%clk 0:00:18]} 51. Ke3 {[%clk 0:00:24]} Bc7 {[%clk 0:00:19]} 52. Nd4
{[%clk 0:00:14]} Bb6 {[%clk 0:00:16]} 53. Kd3 {[%clk 0:00:16]} Bc7
{[%clk 0:00:17]} 54. Ke3 {[%clk 0:00:17]} Bd8 {[%clk 0:00:17]} 55. Nc6
{[%clk 0:00:16]} Bb6+ {[%clk 0:00:17]} 56. Nd4 {[%clk 0:00:18]} Kf6
{[%clk 0:00:14]} 57. Nh5+ {[%clk 0:00:18]} Ke7 {[%clk 0:00:14]} 58. Ng3
{[%clk 0:00:18]} Kf6 {[%clk 0:00:14]} 59. Nh5+ {[%clk 0:00:19]} Kg6
{[%clk 0:00:15]} 60. Ng3 {[%clk 0:00:20]} Be6 {[%clk 0:00:16]} 61. Kd3
{[%clk 0:00:21]} Bc4+ {[%clk 0:00:16]} 62. Kc3 {[%clk 0:00:20]} Be6
{[%clk 0:00:16]} 63. Kd3 {[%clk 0:00:22]} Bd8 {[%clk 0:00:15]} 64. Ke3
{[%clk 0:00:15]} Bd5 {[%clk 0:00:17]} 65. Ngxf5 {[%clk 0:00:06]} Bxg2
{[%clk 0:00:16]} 66. Nd6 {[%clk 0:00:05]} Bxh3 {[%clk 0:00:15]} 67. Nc6
{[%clk 0:00:04]} Bb6+ {[%clk 0:00:15]} 68. Kf3 {[%clk 0:00:05]} Kg7
{[%clk 0:00:12]} 69. Ne5 {[%clk 0:00:05]} Be6 {[%clk 0:00:11]} 70. f5
{[%clk 0:00:06]} Bd5+ {[%clk 0:00:10]} 71. Kg4 {[%clk 0:00:07]} Bd4
{[%clk 0:00:09]} 72. Nd3 {[%clk 0:00:08]} Bc4 {[%clk 0:00:07]} 73. Nb4
{[%clk 0:00:05]} Bxb2 {[%clk 0:00:07]} 74. Nxa6 {[%clk 0:00:05]} Bxa3
{[%clk 0:00:07]} 75. Ne8+ {[%clk 0:00:03]} Kf8 {[%clk 0:00:08]} 76. Nf6
{[%clk 0:00:04]} b4 {[%clk 0:00:08]} 77. Nc5 {[%clk 0:00:05]} b3 {[%clk 0:00:07]}
78. Nxb3 {[%clk 0:00:05]} Bxb3 {[%clk 0:00:07]} 79. Nxh7+ {[%clk 0:00:07]} Kg7
{[%clk 0:00:09]} 80. Ng5 {[%clk 0:00:08]} Bc1 {[%clk 0:00:09]} 81. Ne4
{[%clk 0:00:08]} Bd1+ {[%clk 0:00:10]} 82. Kg3 {[%clk 0:00:06]} Bc2
{[%clk 0:00:11]} 83. Nd6 {[%clk 0:00:07]} Ba3 {[%clk 0:00:10]} 84. Nc4
{[%clk 0:00:06]} Bc5 {[%clk 0:00:06]} 85. Kf4 {[%clk 0:00:07]} Kf6
{[%clk 0:00:07]} 86. Nd2 {[%clk 0:00:05]} Bxf5 87. Nb3 Bd6+ {[%clk 0:00:08]} 88.
Kf3 {[%clk 0:00:08]} Be5 {[%clk 0:00:08]} 89. Nc5 {[%clk 0:00:09]} Bd6
{[%clk 0:00:08]} 90. Nb3 {[%clk 0:00:10]} Be6 {[%clk 0:00:09]} 91. Nd4
{[%clk 0:00:12]} Bd5+ {[%clk 0:00:10]} 92. Ke2 {[%clk 0:00:11]} Be5
{[%clk 0:00:11]} 93. Nc2 {[%clk 0:00:11]} Kg5 {[%clk 0:00:12]} 94. Ne3
{[%clk 0:00:12]} Be6 {[%clk 0:00:13]} 95. Nf1 {[%clk 0:00:13]} Bc4+
{[%clk 0:00:14]} 0-1

[Event "Blitz 2018"]
[Site "Saint-Petersburg"]
[Date "2018.12.29"]
[Round "1"]
[Board "9"]
[White "Andreikin Dmitry (RUS)"]
[Black "Huzman Alexander (ISR)"]
[Result "1-0"]
[LiveChessVersion "1.4.8"]
[BlackElo "2543"]
[WhiteElo "2777"]

1. e4 {[%clk 0:03:03]} e6 {[%clk 0:03:03]} 2. d4 {[%clk 0:03:03]} d5
{[%clk 0:03:05]} 3. Nc3 {[%clk 0:03:04]} Bb4 {[%clk 0:03:04]} 4. Qd3
{[%clk 0:03:04]} Ne7 {[%clk 0:02:58]} 5. a3 {[%clk 0:03:04]} Bxc3+
{[%clk 0:02:58]} 6. bxc3 {[%clk 0:03:04]} b6 {[%clk 0:02:57]} 7. Qg3
{[%clk 0:03:02]} O-O {[%clk 0:02:51]} 8. Bd3 {[%clk 0:02:48]} Ba6
{[%clk 0:01:53]} 9. Nf3 {[%clk 0:02:46]} Bxd3 {[%clk 0:01:36]} 10. cxd3
{[%clk 0:02:47]} Nd7 {[%clk 0:01:36]} 11. h4 {[%clk 0:02:21]} dxe4
{[%clk 0:01:23]} 12. dxe4 {[%clk 0:02:20]} Nf6 {[%clk 0:01:24]} 13. Ng5
{[%clk 0:01:43]} h6 {[%clk 0:01:06]} 14. e5 {[%clk 0:01:22]} Nf5 {[%clk 0:00:53]}
15. Qh3 {[%clk 0:01:11]} Nh7 {[%clk 0:00:53]} 16. g4 {[%clk 0:01:04]} Ne7
{[%clk 0:00:55]} 17. Qd3 {[%clk 0:00:50]} Nxg5 {[%clk 0:00:28]} 18. hxg5
{[%clk 0:00:50]} Qd5 {[%clk 0:00:29]} 19. Rh3 {[%clk 0:00:33]} Qg2
{[%clk 0:00:24]} 20. gxh6 {[%clk 0:00:32]} Qg1+ {[%clk 0:00:25]} 21. Kd2
{[%clk 0:00:29]} Qxf2+ {[%clk 0:00:25]} 22. Kd1 {[%clk 0:00:30]} Ng6
{[%clk 0:00:24]} 23. hxg7 {[%clk 0:00:26]} Rfd8 {[%clk 0:00:25]} 24. Bg5
{[%clk 0:00:22]} Kxg7 {[%clk 0:00:18]} 25. Bf6+ {[%clk 0:00:13]} Kg8
{[%clk 0:00:19]} 26. Kc1 {[%clk 0:00:13]} Rd5 {[%clk 0:00:17]} 27. Kb1
{[%clk 0:00:12]} a6 {[%clk 0:00:19]} 28. a4 {[%clk 0:00:13]} b5 {[%clk 0:00:18]}
29. Ra2 {[%clk 0:00:14]} Qe1+ {[%clk 0:00:19]} 30. Kb2 {[%clk 0:00:15]} b4
{[%clk 0:00:21]} 31. Kb3 {[%clk 0:00:14]} bxc3 {[%clk 0:00:20]} 32. Qxc3
{[%clk 0:00:10]} Rb8+ {[%clk 0:00:21]} 33. Ka3 {[%clk 0:00:11]} Qxc3+
{[%clk 0:00:19]} 34. Rxc3 {[%clk 0:00:12]} Rb7 {[%clk 0:00:20]} 35. Rh2
{[%clk 0:00:12]} Rxd4 {[%clk 0:00:19]} 36. Rch3 {[%clk 0:00:12]} 1-0

[Event "Blitz 2018"]
[Site "Saint-Petersburg"]
[Date "2018.12.29"]
[Round "1"]
[Board "11"]
[White "Svidler Peter (RUS)"]
[Black "Goganov Aleksey (RUS)"]
[Result "1/2-1/2"]
[LiveChessVersion "1.4.8"]
[BlackElo "2539"]
[WhiteElo "2770"]

1. e4 {[%clk 0:03:03]} e6 {[%clk 0:03:03]} 2. d4 {[%clk 0:03:01]} d5
{[%clk 0:03:04]} 3. Nd2 {[%clk 0:03:01]} c5 {[%clk 0:03:05]} 4. Ngf3
{[%clk 0:03:01]} cxd4 {[%clk 0:03:06]} 5. Nxd4 {[%clk 0:03:02]} Nf6
{[%clk 0:03:07]} 6. exd5 {[%clk 0:03:00]} Qxd5 {[%clk 0:03:03]} 7. Nb5
{[%clk 0:02:59]} Na6 {[%clk 0:02:40]} 8. Be2 {[%clk 0:02:56]} Be7
{[%clk 0:02:38]} 9. O-O {[%clk 0:02:44]} O-O {[%clk 0:02:38]} 10. a4
{[%clk 0:02:42]} Qd8 {[%clk 0:02:26]} 11. Nc4 {[%clk 0:02:30]} Nc5
{[%clk 0:02:18]} 12. Bf4 {[%clk 0:02:08]} Nd5 {[%clk 0:02:14]} 13. Be5
{[%clk 0:02:04]} b6 {[%clk 0:01:52]} 14. Bf3 {[%clk 0:01:35]} Bb7
{[%clk 0:01:53]} 15. Qe2 {[%clk 0:01:20]} Ba6 {[%clk 0:01:17]} 16. b3
{[%clk 0:01:12]} Bxb5 {[%clk 0:01:09]} 17. axb5 {[%clk 0:01:13]} Bf6
{[%clk 0:00:53]} 18. Rad1 {[%clk 0:00:55]} Bxe5 {[%clk 0:00:54]} 19. Qxe5
{[%clk 0:00:56]} Nd7 {[%clk 0:00:48]} 20. Qd4 {[%clk 0:00:55]} N7f6
{[%clk 0:00:43]} 21. Ne5 {[%clk 0:00:56]} Rc8 {[%clk 0:00:37]} 22. Nc6
{[%clk 0:00:31]} Qc7 {[%clk 0:00:38]} 23. c4 {[%clk 0:00:33]} Ne7
{[%clk 0:00:39]} 24. Ra1 {[%clk 0:00:22]} Nxc6 {[%clk 0:00:36]} 25. bxc6
{[%clk 0:00:22]} e5 {[%clk 0:00:36]} 26. Qe3 {[%clk 0:00:21]} e4 {[%clk 0:00:36]}
27. Bxe4 {[%clk 0:00:19]} Rfe8 {[%clk 0:00:37]} 28. f3 {[%clk 0:00:20]} a5
{[%clk 0:00:28]} 29. Rad1 {[%clk 0:00:13]} Qxc6 {[%clk 0:00:23]} 30. Bxc6
{[%clk 0:00:12]} Rxe3 {[%clk 0:00:24]} 31. Ba4 {[%clk 0:00:14]} Kf8
{[%clk 0:00:17]} 32. Rd6 {[%clk 0:00:15]} Re6 {[%clk 0:00:18]} 33. Rxe6
{[%clk 0:00:16]} fxe6 {[%clk 0:00:19]} 34. Kf2 {[%clk 0:00:17]} Ke7
{[%clk 0:00:20]} 35. Ke3 {[%clk 0:00:16]} Rd8 {[%clk 0:00:20]} 36. Ke4 1/2-1/2

[Event "Blitz 2018"]
[Site "Saint-Petersburg"]
[Date "2018.12.29"]
[Round "1"]
[Board "12"]
[White "Levin Evgeny A. (RUS)"]
[Black "Karjakin Sergey (RUS)"]
[Result "0-1"]
[LiveChessVersion "1.4.8"]
[BlackElo "2759"]
[WhiteElo "2539"]

1. d4 Nf6 2. c4 {[%clk 0:03:03]} e6 {[%clk 0:03:04]} 3. Nc3 {[%clk 0:03:04]} Bb4
4. Qc2 O-O 5. a3 Bxc3+ 6. Qxc3 b6 7. Bg5 Bb7 8. e3 h6 9. Bh4 d6 10. Ne2 Nbd7
{[%clk 0:02:39]} 11. Qd3 Ba6 12. Nc3 d5 13. Qc2 Bxc4 14. Bxc4 dxc4 15. Qa4 c5 16.
Qxc4 Rc8 17. O-O cxd4 18. Qxd4 Nc5 19. Bxf6 Qxf6 20. Qxf6 gxf6 21. Rfd1 f5 22.
Kf1 Kg7 23. Ke2 Kf6 24. Rd6 Rfd8 25. Rxd8 Rxd8 26. Rd1 Rc8 27. f4 Ke7 28. Kf3 Nb7
29. Rc1 Nd6 30. Ke2 h5 31. Na2 Rxc1 32. Nxc1 Nc4 33. Nd3 b5 34. g3 Kd6 35. h3 a5
36. Kf3 Kd5 37. Ke2 f6 38. Kf3 e5 39. fxe5 fxe5 40. Ke2 Kd6 41. Kf2 Ke6 42. Ke2
Kd5 43. Kf2 a4 44. Ke2 Kd6 45. Kf2 e4 46. Nf4 Nxb2 47. Nxh5 b4 48. Ng7 Ke5 49. h4
bxa3 50. h5 a2 51. h6 a1=Q 0-1

[Event "Blitz 2018"]
[Site "Saint-Petersburg"]
[Date "2018.12.29"]
[Round "1"]
[Board "14"]
[White "Kryakvin Dmitry (RUS)"]
[Black "Giri Anish (NED)"]
[Result "0-1"]
[LiveChessVersion "1.4.8"]
[BlackElo "2751"]
[WhiteElo "2536"]

1. d4 {[%clk 0:03:02]} Nf6 {[%clk 0:03:04]} 2. Bg5 {[%clk 0:03:03]} d5
{[%clk 0:03:03]} 3. e3 {[%clk 0:03:04]} c5 {[%clk 0:03:04]} 4. c3
{[%clk 0:03:05]} Nc6 {[%clk 0:02:54]} 5. Nd2 {[%clk 0:03:06]} cxd4
{[%clk 0:02:49]} 6. exd4 {[%clk 0:03:06]} Bf5 {[%clk 0:02:50]} 7. Ngf3
{[%clk 0:03:02]} e6 {[%clk 0:02:51]} 8. Be2 {[%clk 0:02:50]} Be7 {[%clk 0:02:52]}
9. O-O {[%clk 0:02:51]} O-O {[%clk 0:02:53]} 10. Nh4 {[%clk 0:02:47]} Be4
{[%clk 0:02:44]} 11. Nxe4 {[%clk 0:02:41]} dxe4 {[%clk 0:02:23]} 12. g3
{[%clk 0:02:42]} Nd5 {[%clk 0:02:24]} 13. Bxe7 {[%clk 0:02:39]} Qxe7
{[%clk 0:02:25]} 14. Bc4 {[%clk 0:02:21]} f5 {[%clk 0:02:22]} 15. Qe2
{[%clk 0:02:17]} Na5 {[%clk 0:02:17]} 16. Bxd5 {[%clk 0:02:13]} exd5
{[%clk 0:02:19]} 17. f4 {[%clk 0:02:10]} Qd7 {[%clk 0:02:11]} 18. Ng2
{[%clk 0:02:09]} Rac8 {[%clk 0:02:03]} 19. Ne3 {[%clk 0:02:06]} Nc4
{[%clk 0:02:04]} 20. Rfc1 {[%clk 0:01:54]} Nxe3 {[%clk 0:02:04]} 21. Qxe3
{[%clk 0:01:55]} b5 {[%clk 0:02:05]} 22. Rc2 {[%clk 0:01:38]} Rc7
{[%clk 0:02:04]} 23. Rac1 {[%clk 0:01:39]} Rfc8 {[%clk 0:02:05]} 24. b3
{[%clk 0:01:38]} a6 {[%clk 0:02:01]} 25. h3 {[%clk 0:01:34]} Rc6 {[%clk 0:02:00]}
26. Kh2 {[%clk 0:01:33]} R8c7 {[%clk 0:02:00]} 27. Qe2 {[%clk 0:01:23]} Qc8
{[%clk 0:02:01]} 28. Qd2 {[%clk 0:00:59]} a5 {[%clk 0:01:46]} 29. c4
{[%clk 0:00:51]} dxc4 {[%clk 0:01:18]} 30. Qxa5 {[%clk 0:00:35]} cxb3
{[%clk 0:01:18]} 31. Rxc6 {[%clk 0:00:23]} Rxc6 {[%clk 0:01:19]} 32. Rxc6
{[%clk 0:00:23]} Qxc6 {[%clk 0:01:20]} 33. axb3 {[%clk 0:00:23]} e3
{[%clk 0:00:46]} 34. Qe1 {[%clk 0:00:10]} Qc2+ {[%clk 0:00:46]} 35. Kg1
{[%clk 0:00:11]} Qxb3 {[%clk 0:00:42]} 36. d5 {[%clk 0:00:09]} Kf7
{[%clk 0:00:41]} 37. d6 {[%clk 0:00:10]} Ke6 {[%clk 0:00:38]} 38. g4
{[%clk 0:00:07]} Kxd6 {[%clk 0:00:36]} 39. gxf5 {[%clk 0:00:07]} b4
{[%clk 0:00:32]} 40. Qh4 {[%clk 0:00:05]} Qd1+ {[%clk 0:00:28]} 41. Kg2
{[%clk 0:00:05]} Qe2+ {[%clk 0:00:29]} 0-1

[Event "Blitz 2018"]
[Site "Saint-Petersburg"]
[Date "2018.12.29"]
[Round "1"]
[Board "15"]
[White "Fedoseev Vladimir (RUS)"]
[Black "Yudin Sergei (RUS)"]
[Result "1-0"]
[LiveChessVersion "1.4.8"]
[BlackElo "2533"]
[WhiteElo "2750"]

1. e4 {[%clk 0:03:03]} d6 {[%clk 0:03:02]} 2. d4 {[%clk 0:03:04]} Nf6
{[%clk 0:03:03]} 3. Nc3 {[%clk 0:03:04]} e5 {[%clk 0:03:03]} 4. Nf3
{[%clk 0:03:03]} Nbd7 {[%clk 0:03:03]} 5. Bc4 {[%clk 0:02:57]} Be7
{[%clk 0:03:03]} 6. O-O {[%clk 0:02:55]} O-O {[%clk 0:03:02]} 7. a4
{[%clk 0:02:54]} c6 {[%clk 0:03:03]} 8. Re1 {[%clk 0:02:52]} h6 {[%clk 0:03:02]}
9. h3 {[%clk 0:02:49]} Re8 {[%clk 0:03:02]} 10. a5 {[%clk 0:02:41]} exd4
{[%clk 0:02:33]} 11. Nxd4 {[%clk 0:02:41]} Bf8 {[%clk 0:02:32]} 12. Nb3
{[%clk 0:01:59]} Rb8 {[%clk 0:02:24]} 13. Bf1 {[%clk 0:01:56]} Qc7
{[%clk 0:02:15]} 14. Bf4 {[%clk 0:01:54]} b5 {[%clk 0:02:08]} 15. axb6
{[%clk 0:01:54]} axb6 {[%clk 0:02:09]} 16. Nd4 {[%clk 0:01:19]} Nc5
{[%clk 0:01:58]} 17. Nxc6 {[%clk 0:01:12]} Qxc6 {[%clk 0:01:52]} 18. Bb5
{[%clk 0:01:13]} Qc7 {[%clk 0:01:42]} 19. Bxe8 {[%clk 0:01:11]} Nxe8
{[%clk 0:01:42]} 20. e5 {[%clk 0:01:06]} Ne6 {[%clk 0:01:23]} 21. exd6
{[%clk 0:01:05]} Qd7 {[%clk 0:01:19]} 22. Bg3 {[%clk 0:00:43]} Bxd6
{[%clk 0:01:17]} 23. Bxd6 {[%clk 0:00:39]} Qxd6 {[%clk 0:01:17]} 24. Nb5
{[%clk 0:00:24]} Qc5 {[%clk 0:01:02]} 25. Nc3 {[%clk 0:00:15]} Bb7
{[%clk 0:01:01]} 26. Ra4 {[%clk 0:00:15]} Nf6 {[%clk 0:00:59]} 27. Qe2
{[%clk 0:00:11]} Nd4 {[%clk 0:00:49]} 28. Qd3 {[%clk 0:00:10]} Rd8
{[%clk 0:00:47]} 29. Rc4 {[%clk 0:00:09]} Nf3+ {[%clk 0:00:38]} 30. Qxf3
{[%clk 0:00:09]} Qxc4 {[%clk 0:00:22]} 31. Qxb7 {[%clk 0:00:11]} Qb4
{[%clk 0:00:23]} 32. Qe7 {[%clk 0:00:11]} Qxe7 {[%clk 0:00:17]} 33. Rxe7
{[%clk 0:00:13]} Kf8 {[%clk 0:00:16]} 34. Re2 {[%clk 0:00:13]} Rd4
{[%clk 0:00:15]} 35. f3 {[%clk 0:00:14]} Nh5 {[%clk 0:00:13]} 36. Kf2
{[%clk 0:00:15]} Nf4 {[%clk 0:00:13]} 37. Re4 {[%clk 0:00:16]} Ne6
{[%clk 0:00:13]} 38. Ke3 {[%clk 0:00:14]} Rd6 {[%clk 0:00:14]} 39. Rc4
{[%clk 0:00:15]} Ke7 {[%clk 0:00:12]} 40. Ra4 {[%clk 0:00:14]} Nc5
{[%clk 0:00:09]} 41. Ra7+ {[%clk 0:00:15]} Ke6 {[%clk 0:00:10]} 42. b4
{[%clk 0:00:15]} Nd7 {[%clk 0:00:11]} 43. Rc7 {[%clk 0:00:13]} Nf6
{[%clk 0:00:11]} 44. Rc4 {[%clk 0:00:13]} Kd7 {[%clk 0:00:09]} 45. Rd4
{[%clk 0:00:13]} Kc6 {[%clk 0:00:09]} 46. Rxd6+ {[%clk 0:00:14]} Kxd6
{[%clk 0:00:10]} 47. Ne4+ {[%clk 0:00:14]} Kd5 1-0